[Event "Unterfranken-ch HB 48th"]
[Site "Bergrheinfeld"]
[Date "1997.??.??"]
[Round "4"]
[White "Weigand, Michael"]
[Black "Goebl, Werner"]
[Result "0-1"]
[WhiteElo "1783"]
[BlackElo "1616"]
[PlyCount "38"]
[EventDate "1997.03.31"]
[EventType "swiss"]
[EventRounds "9"]
[EventCountry "GER"]
[SourceTitle "EXT 2015"]
[Source "ChessBase"]
[SourceDate "2014.11.20"]
[SourceVersion "1"]
[SourceVersionDate "2014.11.20"]
[SourceQuality "1"]

1. e4 e5 2. Nc3 f5 3. exf5 Nf6 4. d3 Bb4 5. Bd2 d5 6. Qf3 0-0 7. 0-0-0 Bxc3 8. Bxc3 e4 9. Bxf6 Qxf6 10. dxe4 dxe4 11. Qxe4 Bxf5 12. Bc4+ Kh8 13. Qxb7 Nc6 14. Qa6 Bxc2 15. Rd2 Rad8 16. Nf3 Qh6 17. Bb3 Rxf3 18. Qe2 Nd4 19. Qc4 Nxb3+ 0-1